[Event "FRA-chT3 Gr06 0607"]
[Site "France"]
[Date "2007.04.01"]
[Round "9.3"]
[White "Durrieu, Philippe"]
[Black "Entem, Alan"]
[Result "0-1"]
[WhiteElo "1971"]
[BlackElo "2168"]
[PlyCount "64"]
[EventDate "2006.10.15"]
[EventType "team"]
[EventRounds "9"]
[EventCountry "FRA"]
[SourceTitle "EXT 2008"]
[Source "ChessBase"]
[SourceDate "2007.11.25"]
[SourceVersion "1"]
[SourceVersionDate "2007.11.25"]
[SourceQuality "1"]
[WhiteTeam "St Hilaire Petitville"]
[BlackTeam "Quimper"]
[WhiteTeamCountry "FRA"]
[BlackTeamCountry "FRA"]

1. d4 g6 2. c4 Bg7 3. Nc3 c5 4. d5 Bxc3+ 5. bxc3 f5 6. e3 Qa5 7. Bd2 d6 8. Bd3 Nf6 9. f3 Nbd7 10. Qb3 Ne5 11. Be2 Bd7 12. Nh3 0-0-0 13. 0-0 h6 14. Rab1 Qc7 15. Nf4 g5 16. Ne6 Bxe6 17. dxe6 Nc6 18. Qc2 d5 19. cxd5 Rxd5 20. Bc4 Rd6 21. e4 Rhd8 22. Be3 Ne5 23. Qa4 a6 24. f4 Nxc4 25. Qxc4 Nxe4 26. fxg5 b5 27. Qb3 Rd3 28. Rbe1 hxg5 29. Rxf5 Rh8 30. g3 Rxh2 31. Rxc5 Nxc5 32. Bxc5 Qxg3+ 0-1

[Event "FRA-chT3 Gr06 0607"]
[Site "France"]
[Date "2007.01.21"]
[Round "5.2"]
[White "Durrieu, Philippe"]
[Black "Stephan, Victor"]
[Result "1/2-1/2"]
[WhiteElo "1968"]
[BlackElo "2042"]
[PlyCount "59"]
[EventDate "2006.10.15"]
[EventType "team"]
[EventRounds "9"]
[EventCountry "FRA"]
[SourceTitle "EXT 2008"]
[Source "ChessBase"]
[SourceDate "2007.11.25"]
[SourceVersion "1"]
[SourceVersionDate "2007.11.25"]
[SourceQuality "1"]
[WhiteTeam "St Hilaire Petitville"]
[BlackTeam "Arradon"]
[WhiteTeamCountry "FRA"]
[BlackTeamCountry "FRA"]

1. d4 Nf6 2. Bg5 g6 3. Bxf6 exf6 4. g3 Bg7 5. Bg2 0-0 6. e3 d5 7. Ne2 c6 8. 0-0 f5 9. c4 dxc4 10. Na3 b5 11. Nxb5 Qb6 12. Nbc3 Nd7 13. Qa4 Bb7 14. Qxc4 Rac8 15. Na4 Qa5 16. Nc5 Nxc5 17. Qxc5 Qxc5 18. dxc5 Ba6 19. Rfe1 Bxb2 20. Rab1 Ba3 21. Nd4 Bxc5 22. Nxc6 Rc7 23. Rec1 Bb6 24. a4 Rfc8 25. a5 Bxa5 26. Ra1 Bb7 27. Rxa5 Bxc6 28. Bxc6 Rxc6 29. Rxc6 Rxc6 30. Rxa7 1/2-1/2

[Event "FRA-ch opA"]
[Site "Besancon"]
[Date "1999.08.18"]
[Round "2"]
[White "Humeau, Cyril"]
[Black "Durrieu, Philippe"]
[Result "1/2-1/2"]
[WhiteElo "1950"]
[BlackElo "1820"]
[PlyCount "99"]
[EventDate "1999.08.17"]
[EventType "swiss"]
[EventRounds "9"]
[EventCountry "FRA"]
[SourceTitle "EXT 2005"]
[Source "ChessBase"]
[SourceDate "2004.11.15"]
[SourceVersion "1"]
[SourceVersionDate "2004.11.15"]
[SourceQuality "1"]

1. Nf3 Nf6 2. d4 d5 3. Bf4 Bf5 4. e3 e6 5. c4 Bxb1 6. Qa4+ Nc6 7. Rxb1 Bb4+ 8. Kd1 0-0 9. c5 Ne4 10. Qc2 g5 11. Nxg5 Nxg5 12. a3 Ne4 13. f3 Bxc5 14. fxe4 Be7 15. Bb5 Bg5 16. Bxc6 Bxf4 17. Bxb7 Rb8 18. exf4 Rxb7 19. e5 Qh4 20. g3 Qg4+ 21. Qe2 Qf5 22. Qc2 Qg4+ 23. Kc1 Rfb8 24. Rf1 Rb3 25. Rf2 R8b7 26. Qe2 Qxe2 27. Rxe2 Rd3 28. Rd2 Rbb3 29. Kc2 Rf3 30. Rc1 h5 31. Kb1 Rb7 32. Ka2 Kg7 33. Rc3 Rxc3 34. bxc3 Rb6 35. h3 Rc6 36. Kb2 Rb6+ 37. Kc2 Ra6 38. Kb3 Rb6+ 39. Ka2 Rc6 40. Rd3 Rb6 41. g4 hxg4 42. hxg4 Kg6 43. a4 a5 44. Rh3 Rc6 45. Kb3 Rb6+ 46. Kc2 c5 47. Rh1 cxd4 48. cxd4 Rb4 49. Kc3 Rxa4 50. Rf1 1/2-1/2